Datum a čas kvízu
40
Celkem bodů
Celkový počet nahraných bodů na tomto kvízu bez doplňovacích otázek.
1.
Pořadí na kvízu
Konečné umístění týmu na tomto kvízu.
Zaznamenané odpovědi
# | Otázka | Odpověď | Body | Výsledky |
---|---|---|---|---|
1. | V pátek byly zveřejněny výsled... | Jihočeský kraj | 1 | |
2. | Minulou středu zažili policist... | v bagru | 1 | |
3. | V areálu pražského Výstaviště... | Alanis Morissette, Rag'n'Bone Man | 1 | |
4. | Bývalý brazilský pilot, který... | Emerson Fittipaldi, Targa Florio | 0.5 | |
5. | Novozélanďan Maynard Williams... | plank (prkno) | 1 | |
6. | Začneme politikou. Republikáns... | Agrární strana, agrárníci | 1 | |
7. | V letech 1918–1928 bylo Českos... | Podkarpatská Rus (Zakarpatská Ukrajina) | 1 | |
8. | Na fotce vidíme jeden z rekons... | Tatra, (Hans) Ledwinka | 0.5 | |
9. | Zde vidíme portrét jednoho z n... | Miloš Havel, Barrandov Studio | 0 | |
10. | „Král komiků“ Vlasta Burian by... | AC Sparta Praha, brankář | 0.5 |